[Event "Skopje"]
[Site "Skopje"]
[Date "1976.??.??"]
[Round "10"]
[White "Adorjan, Andras"]
[Black "Jancev, Lazo"]
[Result "1-0"]
[WhiteElo "2510"]
[BlackElo "2200"]
[PlyCount "59"]
[EventDate "1976.03.??"]
[EventType "tourn"]
[EventRounds "15"]
[EventCountry "YUG"]
[EventCategory "10"]
[Source "ChessBase"]
[SourceDate "1999.07.01"]
[WhiteTeamCountry "BEL"]
[BlackTeamCountry "HUN"]

1. e4 e6 2. Nc3 d5 3. Nf3 dxe4 4. Nxe4 Nd7 5. d4 Ngf6 6. Nxf6+ Nxf6 7. Bg5 Be7
8. Bd3 h6 9. Bxf6 gxf6 10. Qe2 c6 11. O-O Qd6 12. Qe3 Bd7 13. b4 a5 14. bxa5
Rxa5 15. a4 c5 16. Bb5 Bxb5 17. axb5 cxd4 18. Nxd4 Rxa1 19. Rxa1 O-O 20. c3 Rc8
21. h3 Bf8 22. Qf3 Qb6 23. Qxf6 Bg7 24. Qf3 Bxd4 25. cxd4 Qxb5 26. Ra7 Qc6 27.
Qf6 Qc1+ 28. Kh2 Qb2 29. Qxh6 Qxf2 30. Ra3 1-0

[Event "Skopje"]
[Site "Skopje"]
[Date "1976.??.??"]
[Round "14"]
[White "Adorjan, Andras"]
[Black "Uhlmann, Wolfgang"]
[Result "1/2-1/2"]
[WhiteElo "2510"]
[BlackElo "2555"]
[PlyCount "33"]
[EventDate "1976.03.??"]
[EventType "tourn"]
[EventRounds "15"]
[EventCountry "YUG"]
[EventCategory "10"]
[Source "ChessBase"]
[SourceDate "1999.07.01"]
[WhiteTeamCountry "BEL"]
[BlackTeamCountry "HUN"]

1. e4 e6 2. d4 d5 3. Nd2 c5 4. exd5 exd5 5. Ngf3 Nc6 6. Bb5 Bd6 7. O-O cxd4 8.
Nb3 Nge7 9. Bxc6+ bxc6 10. Qxd4 O-O 11. Bf4 Nf5 12. Qd2 Be6 13. Nfd4 Nxd4 14.
Nxd4 c5 15. Bxd6 Qxd6 16. Nxe6 fxe6 17. Rfe1 1/2-1/2

[Event "HUN-ch"]
[Site "Budapest"]
[Date "1976.12.03"]
[Round "1"]
[White "Adorjan, Andras"]
[Black "Farago, Ivan"]
[Result "1/2-1/2"]
[WhiteElo "2510"]
[BlackElo "2420"]
[PlyCount "29"]
[EventDate "1976.12.??"]
[EventType "tourn"]
[EventRounds "17"]
[EventCountry "HUN"]
[EventCategory "7"]
[Source "ChessBase"]
[SourceDate "1999.07.01"]
[WhiteTeamCountry "BEL"]
[BlackTeamCountry "HUN"]

1. e4 e6 2. d4 d5 3. Nc3 Bb4 4. e5 Ne7 5. a3 Bxc3+ 6. bxc3 c5 7. Nf3 Bd7 8. a4
Qa5 9. Bd2 Nbc6 10. Be2 Qc7 11. O-O f6 12. Bb5 fxe5 13. Bxc6 Nxc6 14. Nxe5 O-O
15. Nxc6 1/2-1/2

[Event "HUN-ch"]
[Site "Budapest"]
[Date "1976.12.04"]
[Round "2"]
[White "Barczay, Laszlo"]
[Black "Adorjan, Andras"]
[Result "1/2-1/2"]
[WhiteElo "2485"]
[BlackElo "2510"]
[PlyCount "26"]
[EventDate "1976.12.??"]
[EventType "tourn"]
[EventRounds "17"]
[EventCountry "HUN"]
[EventCategory "7"]
[Source "ChessBase"]
[SourceDate "1999.07.01"]
[WhiteTeamCountry "BEL"]
[BlackTeamCountry "HUN"]

1. e4 d6 2. d4 Nf6 3. Nc3 g6 4. f4 Bg7 5. Nf3 O-O 6. Bd3 Nc6 7. O-O Bg4 8. e5
Nd7 9. Be3 Nb4 10. Be4 c5 11. dxc5 Nxc5 12. Bxc5 dxc5 13. h3 Qxd1 1/2-1/2

[Event "HUN-ch"]
[Site "Budapest"]
[Date "1976.12.05"]
[Round "3"]
[White "Adorjan, Andras"]
[Black "Petran, Pal"]
[Result "1/2-1/2"]
[WhiteElo "2510"]
[BlackElo "2415"]
[PlyCount "36"]
[EventDate "1976.12.??"]
[EventType "tourn"]
[EventRounds "17"]
[EventCountry "HUN"]
[EventCategory "7"]
[Source "ChessBase"]
[SourceDate "1999.07.01"]
[WhiteTeamCountry "BEL"]
[BlackTeamCountry "HUN"]

1. e4 g6 2. d4 Bg7 3. Nc3 d6 4. f4 Nf6 5. e5 dxe5 6. dxe5 Qxd1+ 7. Kxd1 Nfd7 8.
Nd5 Kd8 9. Nf3 c6 10. Ne3 f6 11. b3 Nc5 12. Bb2 Be6 13. g4 fxe5 14. f5 gxf5 15.
gxf5 Bd5 16. Nxd5 cxd5 17. Rg1 Bf6 18. Bxe5 Nbd7 1/2-1/2

[Event "HUN-ch"]
[Site "Budapest"]
[Date "1976.12.06"]
[Round "4"]
[White "Karsa, Laszlo"]
[Black "Adorjan, Andras"]
[Result "0-1"]
[WhiteElo "2200"]
[BlackElo "2510"]
[PlyCount "54"]
[EventDate "1976.12.??"]
[EventType "tourn"]
[EventRounds "17"]
[EventCountry "HUN"]
[EventCategory "7"]
[Source "ChessBase"]
[SourceDate "1999.07.01"]
[WhiteTeamCountry "BEL"]
[BlackTeamCountry "HUN"]

1. d4 Nf6 2. c4 g6 3. Nc3 d5 4. Nf3 Bg7 5. Bf4 O-O 6. e3 c5 7. dxc5 Qa5 8. Rc1
Rd8 9. Qa4 Qxc5 10. b4 Qc6 11. Qb3 Ne4 12. Ne5 Bxe5 13. Bxe5 Nd2 14. Qd1 Nxf1
15. Nxd5 Kf8 16. Qd4 f6 17. Bxb8 Rxb8 18. b5 Qd6 19. Kxf1 Qa3 20. Rc2 a6 21. b6
Be6 22. e4 Qa4 23. Qd2 Bxd5 24. exd5 Rbc8 25. Qd3 Rxd5 26. Qxd5 Qxc2 27. g3
Qxc4+ 0-1

[Event "HUN-ch"]
[Site "Budapest"]
[Date "1976.12.09"]
[Round "6"]
[White "Hazai, Laszlo"]
[Black "Adorjan, Andras"]
[Result "1/2-1/2"]
[WhiteElo "2430"]
[BlackElo "2510"]
[PlyCount "32"]
[EventDate "1976.12.??"]
[EventType "tourn"]
[EventRounds "17"]
[EventCountry "HUN"]
[EventCategory "7"]
[Source "ChessBase"]
[SourceDate "1999.07.01"]
[WhiteTeamCountry "BEL"]
[BlackTeamCountry "HUN"]

1. e4 c5 2. Nf3 Nc6 3. d4 cxd4 4. Nxd4 Nf6 5. Nc3 d6 6. Bg5 e6 7. Qd2 a6 8.
O-O-O h6 9. Bh4 Nxe4 10. Qf4 g5 11. Qxe4 gxh4 12. Bc4 Nxd4 13. Qxd4 Rg8 14.
Rhe1 Bg7 15. Qe3 Kf8 16. Kb1 Qc7 1/2-1/2

[Event "HUN-ch"]
[Site "Budapest"]
[Date "1976.12.10"]
[Round "7"]
[White "Adorjan, Andras"]
[Black "Csom, Istvan"]
[Result "1/2-1/2"]
[WhiteElo "2510"]
[BlackElo "2490"]
[PlyCount "21"]
[EventDate "1976.12.??"]
[EventType "tourn"]
[EventRounds "17"]
[EventCountry "HUN"]
[EventCategory "7"]
[Source "ChessBase"]
[SourceDate "1999.07.01"]
[WhiteTeamCountry "BEL"]
[BlackTeamCountry "HUN"]

1. e4 c5 2. c3 e6 3. d4 d5 4. exd5 exd5 5. Nf3 Nc6 6. Bb5 Bd6 7. O-O Nge7 8.
dxc5 Bxc5 9. Nbd2 O-O 10. Nb3 Bd6 11. Nbd4 1/2-1/2

[Event "HUN-ch"]
[Site "Budapest"]
[Date "1976.12.11"]
[Round "8"]
[White "Sapi, Laszlo"]
[Black "Adorjan, Andras"]
[Result "1/2-1/2"]
[WhiteElo "2395"]
[BlackElo "2510"]
[PlyCount "33"]
[EventDate "1976.12.??"]
[EventType "tourn"]
[EventRounds "17"]
[EventCountry "HUN"]
[EventCategory "7"]
[Source "ChessBase"]
[SourceDate "1999.07.01"]
[WhiteTeamCountry "BEL"]
[BlackTeamCountry "HUN"]

1. Nf3 g6 2. d4 Bg7 3. e4 d6 4. Nc3 Nf6 5. Be2 O-O 6. O-O Nc6 7. h3 e5 8. dxe5
Nxe5 9. Nxe5 dxe5 10. Qxd8 Rxd8 11. Bg5 c6 12. Rfd1 Be6 13. Rxd8+ Rxd8 14. Rd1
Rxd1+ 15. Bxd1 b5 16. a3 a5 17. f3 1/2-1/2

[Event "HUN-ch"]
[Site "Budapest"]
[Date "1976.12.13"]
[Round "9"]
[White "Adorjan, Andras"]
[Black "Horvath, Tamas"]
[Result "1-0"]
[WhiteElo "2510"]
[BlackElo "2400"]
[PlyCount "69"]
[EventDate "1976.12.??"]
[EventType "tourn"]
[EventRounds "17"]
[EventCountry "HUN"]
[EventCategory "7"]
[Source "ChessBase"]
[SourceDate "1999.07.01"]
[WhiteTeamCountry "BEL"]
[BlackTeamCountry "HUN"]

1. e4 c5 2. Nf3 Nc6 3. Bb5 Nf6 4. e5 Nd5 5. Nc3 Nc7 6. Bxc6 dxc6 7. h3 g6 8.
O-O Bg7 9. d3 Ne6 10. Re1 O-O 11. Ne4 b6 12. Neg5 h6 13. Nxe6 Bxe6 14. b3 Qd7
15. Qe2 Bd5 16. Bb2 Qf5 17. Nh4 Qd7 18. c4 Be6 19. Rad1 a5 20. a4 Rad8 21. Nf3
Qb7 22. Rd2 b5 23. Ba3 b4 24. Bb2 g5 25. Qe3 Qb6 26. d4 cxd4 27. Bxd4 Qb7 28.
Red1 g4 29. hxg4 Bxg4 30. e6 f6 31. Bc5 Rxd2 32. Rxd2 Qc8 33. Rd7 Rd8 34. Rxd8+
Qxd8 35. Nd4 1-0

[Event "HUN-ch"]
[Site "Budapest"]
[Date "1976.12.14"]
[Round "10"]
[White "Adorjan, Andras"]
[Black "Rigo, Janos"]
[Result "1-0"]
[WhiteElo "2510"]
[BlackElo "2200"]
[PlyCount "63"]
[EventDate "1976.12.??"]
[EventType "tourn"]
[EventRounds "17"]
[EventCountry "HUN"]
[EventCategory "7"]
[Source "ChessBase"]
[SourceDate "1999.07.01"]
[WhiteTeamCountry "BEL"]
[BlackTeamCountry "HUN"]

1. e4 e5 2. Nf3 Nc6 3. Bb5 f5 4. Nc3 fxe4 5. Nxe4 d5 6. Nxe5 dxe4 7. Nxc6 Qg5
8. Qe2 Nf6 9. f4 Qh4+ 10. g3 Qh3 11. Ne5+ c6 12. Bc4 Be6 13. b3 Bc5 14. Bb2
O-O-O 15. O-O-O Rhe8 16. Bxe6+ Qxe6 17. Rhe1 h5 18. Qc4 Rd5 19. Qf1 Qf5 20. d3
Red8 21. c4 Rxd3 22. Nxd3 exd3 23. Re5 Qh7 24. Qh3+ Kc7 25. Rxc5 d2+ 26. Rxd2
Rxd2 27. Be5+ Kb6 28. Rb5+ Ka6 29. Kxd2 Ne4+ 30. Ke3 Nf2 31. Kxf2 Qc2+ 32. Kg1
1-0

[Event "HUN-ch"]
[Site "Budapest"]
[Date "1976.12.15"]
[Round "11"]
[White "Vadasz, Laszlo"]
[Black "Adorjan, Andras"]
[Result "1/2-1/2"]
[WhiteElo "2465"]
[BlackElo "2510"]
[PlyCount "29"]
[EventDate "1976.12.??"]
[EventType "tourn"]
[EventRounds "17"]
[EventCountry "HUN"]
[EventCategory "7"]
[Source "ChessBase"]
[SourceDate "1999.07.01"]
[WhiteTeamCountry "BEL"]
[BlackTeamCountry "HUN"]

1. e4 c6 2. d4 d5 3. Nc3 dxe4 4. Nxe4 Nd7 5. Nf3 Ngf6 6. Nxf6+ Nxf6 7. c3 Bg4
8. Be2 e6 9. O-O Be7 10. Bg5 O-O 11. Ne5 Bxe2 12. Qxe2 Nd5 13. Bxe7 Qxe7 14.
Nd3 Rad8 15. Rfe1 1/2-1/2

[Event "HUN-ch"]
[Site "Budapest"]
[Date "1976.12.16"]
[Round "12"]
[White "Adorjan, Andras"]
[Black "Forintos, Gyozo"]
[Result "1/2-1/2"]
[WhiteElo "2510"]
[BlackElo "2490"]
[PlyCount "34"]
[EventDate "1976.12.??"]
[EventType "tourn"]
[EventRounds "17"]
[EventCountry "HUN"]
[EventCategory "7"]
[Source "ChessBase"]
[SourceDate "1999.07.01"]
[WhiteTeamCountry "BEL"]
[BlackTeamCountry "HUN"]

1. e4 e6 2. d4 d5 3. Nd2 dxe4 4. Nxe4 Bd7 5. Nf3 Bc6 6. Bd3 Nd7 7. O-O Ngf6 8.
Nxf6+ Nxf6 9. Ne5 Qxd4 10. Nxc6 bxc6 11. Qf3 Qd5 12. Qg3 Bd6 13. Qh4 Rb8 14. b3
Rg8 15. Bb2 Rb4 16. Bc4 Qf5 17. a3 Rb6 1/2-1/2

[Event "HUN-ch"]
[Site "Budapest"]
[Date "1976.12.18"]
[Round "13"]
[White "Tompa, Janos"]
[Black "Adorjan, Andras"]
[Result "1/2-1/2"]
[WhiteElo "2415"]
[BlackElo "2510"]
[PlyCount "20"]
[EventDate "1976.12.??"]
[EventType "tourn"]
[EventRounds "17"]
[EventCountry "HUN"]
[EventCategory "7"]
[Source "ChessBase"]
[SourceDate "1999.07.01"]
[WhiteTeamCountry "BEL"]
[BlackTeamCountry "HUN"]

1. e4 c5 2. Nf3 Nc6 3. Bb5 e6 4. Bxc6 bxc6 5. c4 e5 6. Nxe5 Qg5 7. Nf3 Qxg2 8.
Rg1 Qh3 9. Nc3 Ne7 10. d4 cxd4 1/2-1/2

[Event "HUN-ch"]
[Site "Budapest"]
[Date "1976.12.19"]
[Round "14"]
[White "Adorjan, Andras"]
[Black "Eperjesi, Laszlo"]
[Result "0-1"]
[WhiteElo "2510"]
[BlackElo "2395"]
[PlyCount "82"]
[EventDate "1976.12.??"]
[EventType "tourn"]
[EventRounds "17"]
[EventCountry "HUN"]
[EventCategory "7"]
[Source "ChessBase"]
[SourceDate "1999.07.01"]
[WhiteTeamCountry "BEL"]
[BlackTeamCountry "HUN"]

1. e4 c6 2. d4 d5 3. Nc3 dxe4 4. Nxe4 Nd7 5. Nf3 Ngf6 6. Ng3 e6 7. Bd3 c5 8.
O-O Qc7 9. c4 Bd6 10. b3 O-O 11. Bb2 b6 12. Ne4 Be7 13. Nxf6+ Bxf6 14. Qc2 h6
15. Bh7+ Kh8 16. Be4 Bb7 17. Rad1 Rad8 18. h3 Rfe8 19. Rfe1 a6 20. Bxb7 Qxb7
21. dxc5 Bxb2 22. c6 Qxc6 23. Qxb2 Nf8 24. Rd4 Rxd4 25. Qxd4 Re7 26. Ne5 Qc7
27. Rd1 f6 28. Qd8 fxe5 29. Qxf8+ Kh7 30. Qa8 Rf7 31. Qe4+ g6 32. Re1 Kg7 33.
Re3 Rf4 34. Qa8 a5 35. g3 Rd4 36. h4 h5 37. Rf3 Qe7 38. Qb8 Rd6 39. Re3 Qd7 40.
Rf3 Rd1+ 41. Kh2 Qd6 0-1

[Event "HUN-ch"]
[Site "Budapest"]
[Date "1976.12.20"]
[Round "15"]
[White "Pinter, Jozsef"]
[Black "Adorjan, Andras"]
[Result "1/2-1/2"]
[WhiteElo "2420"]
[BlackElo "2510"]
[PlyCount "24"]
[EventDate "1976.12.??"]
[EventType "tourn"]
[EventRounds "17"]
[EventCountry "HUN"]
[EventCategory "7"]
[Source "ChessBase"]
[SourceDate "1999.07.01"]
[WhiteTeamCountry "BEL"]
[BlackTeamCountry "HUN"]

1. e4 d6 2. d4 Nf6 3. Nc3 g6 4. f4 Bg7 5. Nf3 O-O 6. Bd3 Nc6 7. O-O Bg4 8. e5
Bxf3 9. Rxf3 dxe5 10. dxe5 Nd5 11. Bd2 Nxc3 12. Bxc3 Qd5 1/2-1/2

[Event "HUN-ch"]
[Site "Budapest"]
[Date "1976.12.21"]
[Round "16"]
[White "Adorjan, Andras"]
[Black "Portisch, Ferenc"]
[Result "1/2-1/2"]
[WhiteElo "2510"]
[BlackElo "2425"]
[PlyCount "28"]
[EventDate "1976.12.??"]
[EventType "tourn"]
[EventRounds "17"]
[EventCountry "HUN"]
[EventCategory "7"]
[Source "ChessBase"]
[SourceDate "1999.07.01"]
[WhiteTeamCountry "BEL"]
[BlackTeamCountry "HUN"]

1. e4 e6 2. d4 d5 3. Nd2 c5 4. exd5 exd5 5. Bb5+ Nc6 6. Ngf3 Bd6 7. O-O Nge7 8.
dxc5 Bxc5 9. Nb3 Bd6 10. Bg5 O-O 11. Re1 Bg4 12. Be2 Re8 13. c3 Qd7 14. Bxe7
Rxe7 1/2-1/2

[Event "HUN-ch"]
[Site "Budapest"]
[Date "1976.12.23"]
[Round "17"]
[White "Sax, Gyula"]
[Black "Adorjan, Andras"]
[Result "1/2-1/2"]
[WhiteElo "2530"]
[BlackElo "2510"]
[PlyCount "24"]
[EventDate "1976.12.??"]
[EventType "tourn"]
[EventRounds "17"]
[EventCountry "HUN"]
[EventCategory "7"]
[Source "ChessBase"]
[SourceDate "1999.07.01"]
[WhiteTeamCountry "BEL"]
[BlackTeamCountry "HUN"]

1. e4 c5 2. c3 e6 3. Nf3 d5 4. exd5 exd5 5. d4 Nc6 6. Bb5 Bd6 7. dxc5 Bxc5 8.
O-O Nge7 9. Nbd2 O-O 10. Nb3 Bd6 11. Nbd4 Bg4 12. Qa4 Bh5 1/2-1/2

[Event "Hastings 7677"]
[Site "Hastings"]
[Date "1976.??.??"]
[Round "7"]
[White "Adorjan, Andras"]
[Black "Farago, Ivan"]
[Result "1/2-1/2"]
[WhiteElo "2510"]
[BlackElo "2425"]
[PlyCount "31"]
[EventDate "1976.12.29"]
[EventType "tourn"]
[EventRounds "15"]
[EventCountry "ENG"]
[EventCategory "9"]
[Source "ChessBase"]
[SourceDate "1998.11.10"]
[WhiteTeamCountry "BEL"]
[BlackTeamCountry "HUN"]

1. e4 e6 2. d4 d5 3. e5 c5 4. c3 Nc6 5. Nf3 Qb6 6. Bd3 cxd4 7. cxd4 Bd7 8. O-O
Nxd4 9. Nxd4 Qxd4 10. Nc3 Qxe5 11. Re1 Qd6 12. Nb5 Qb6 13. Be3 Qa5 14. Bd2 Qb6
15. Be3 Qa5 16. Bd2 1/2-1/2

[Event "Hastings 7677"]
[Site "Hastings"]
[Date "1976.??.??"]
[Round "10"]
[White "Kagan, Shimon"]
[Black "Adorjan, Andras"]
[Result "1/2-1/2"]
[WhiteElo "2460"]
[BlackElo "2510"]
[PlyCount "41"]
[EventDate "1976.12.29"]
[EventType "tourn"]
[EventRounds "15"]
[EventCountry "ENG"]
[EventCategory "9"]
[Source "ChessBase"]
[SourceDate "1998.11.10"]
[WhiteTeamCountry "BEL"]
[BlackTeamCountry "HUN"]

1. e4 g6 2. d4 Bg7 3. Nc3 d6 4. Nge2 Nf6 5. g3 O-O 6. Bg2 Nbd7 7. O-O c5 8. h3
Rb8 9. a4 b6 10. Be3 cxd4 11. Bxd4 Bb7 12. Nd5 e5 13. Be3 Nxd5 14. exd5 Ba6 15.
Re1 Bxe2 16. Rxe2 f5 17. f4 exf4 18. Bxf4 Ne5 19. c3 g5 20. Bxe5 Bxe5 21. Qd3
1/2-1/2

[Event "Hastings 7677"]
[Site "Hastings"]
[Date "1976.??.??"]
[Round "11"]
[White "Adorjan, Andras"]
[Black "Kaplan, Julio"]
[Result "1/2-1/2"]
[WhiteElo "2510"]
[BlackElo "2435"]
[PlyCount "41"]
[EventDate "1976.12.29"]
[EventType "tourn"]
[EventRounds "15"]
[EventCountry "ENG"]
[EventCategory "9"]
[Source "ChessBase"]
[SourceDate "1998.11.10"]
[WhiteTeamCountry "BEL"]
[BlackTeamCountry "HUN"]

1. e4 c5 2. Nf3 d6 3. d4 cxd4 4. Nxd4 Nf6 5. Nc3 e6 6. Be2 Be7 7. O-O O-O 8. f4
Nc6 9. Be3 a6 10. Kh1 Bd7 11. Qe1 b5 12. a3 Qb8 13. Bf3 Qc7 14. Qg3 Rac8 15. e5
Ne8 16. Ne4 g6 17. c3 Na5 18. Rae1 Nc4 19. exd6 Nexd6 20. Bc1 Nxe4 21. Bxe4
1/2-1/2

[Event "Hastings 7677"]
[Site "Hastings"]
[Date "1976.??.??"]
[Round "12"]
[White "Kraidman, Yair"]
[Black "Adorjan, Andras"]
[Result "1/2-1/2"]
[WhiteElo "2445"]
[BlackElo "2510"]
[PlyCount "60"]
[EventDate "1976.12.29"]
[EventType "tourn"]
[EventRounds "15"]
[EventCountry "ENG"]
[EventCategory "9"]
[Source "ChessBase"]
[SourceDate "1998.11.10"]
[WhiteTeamCountry "BEL"]
[BlackTeamCountry "HUN"]

1. d4 Nf6 2. c4 g6 3. Nc3 d5 4. Bf4 Bg7 5. e3 O-O 6. Rc1 c5 7. dxc5 Be6 8. Nf3
Nc6 9. Be2 Ne4 10. O-O Nxc3 11. bxc3 dxc4 12. Nd4 Bd5 13. Nxc6 Bxc6 14. Qxd8
Rfxd8 15. Bxc4 Rac8 16. e4 Bf8 17. f3 e6 18. Be3 Ba4 19. Rf2 Bxc5 20. Bxc5 Rxc5
21. Bf1 Rdc8 22. Rb2 b5 23. h3 h5 24. h4 a6 25. c4 bxc4 26. Rb4 Bb5 27. a4 Be8
28. Rbxc4 Rxc4 29. Rxc4 Rxc4 30. Bxc4 a5 1/2-1/2

[Event "Hastings 7677"]
[Site "Hastings"]
[Date "1976.??.??"]
[Round "13"]
[White "Adorjan, Andras"]
[Black "Rumens, David E"]
[Result "1/2-1/2"]
[WhiteElo "2510"]
[BlackElo "2310"]
[PlyCount "156"]
[EventDate "1976.12.29"]
[EventType "tourn"]
[EventRounds "15"]
[EventCountry "ENG"]
[EventCategory "9"]
[Source "ChessBase"]
[SourceDate "1998.11.10"]
[WhiteTeamCountry "BEL"]
[BlackTeamCountry "HUN"]

1. e4 e5 2. Nf3 Nc6 3. Bb5 a6 4. Bxc6 dxc6 5. O-O Bd6 6. d4 exd4 7. Qxd4 f6 8.
Re1 Ne7 9. e5 fxe5 10. Nxe5 Be6 11. Nc3 O-O 12. Bg5 Qe8 13. Nf3 Nd5 14. Nxd5
cxd5 15. Bh4 Qd7 16. Qd3 Kh8 17. Ne5 Bxe5 18. Rxe5 Rae8 19. Bg3 c6 20. Rae1 Bf5
21. Qd2 Kg8 22. c3 Rxe5 23. Bxe5 Qf7 24. f3 Qg6 25. Bd4 Re8 26. Rxe8+ Qxe8 27.
h3 h6 28. Qf4 Qd7 29. Qe5 Kh7 30. Kf2 Qf7 31. b4 Bb1 32. a3 Bc2 33. Qd6 Bf5 34.
Be5 Qe6 35. Qb8 Qd7 36. Qf8 Be6 37. Ke3 h5 38. Kd4 b6 39. Ke3 a5 40. bxa5 bxa5
41. Kf2 d4 42. cxd4 a4 43. Qb4 Bb3 44. Qc3 Kg8 45. Kg3 Qe6 46. Qd3 Bc4 47. Qb1
Ba2 48. Qb7 Qg6+ 49. Kh2 Kh7 50. Qe7 Bc4 51. Qh4 Kg8 52. Qe1 Kh7 53. Qb4 Bf1
54. Qb2 Bc4 55. Qc1 Be2 56. Qd2 Bc4 57. Qf2 Kg8 58. Qb2 Kh7 59. Kg1 Bb3 60. Qd2
Qb1+ 61. Kh2 Qg6 62. Qa5 Kg8 63. d5 cxd5 64. Qd8+ Kh7 65. Qe7 Bc4 66. g4 hxg4
67. hxg4 Kg8 68. Kg3 Bb3 69. Qd8+ Kh7 70. Qd7 Kg8 71. Qe7 Bc4 72. Qd8+ Kh7 73.
Qd7 Bb3 74. f4 Bd1 75. g5 Qd3+ 76. Kh4 Qg6 77. Kg3 Qd3+ 78. Kh4 Qg6 1/2-1/2

[Event "Hastings 7677"]
[Site "Hastings"]
[Date "1976.??.??"]
[Round "14"]
[White "Damjanovic, Mato"]
[Black "Adorjan, Andras"]
[Result "1/2-1/2"]
[WhiteElo "2430"]
[BlackElo "2510"]
[PlyCount "24"]
[EventDate "1976.12.29"]
[EventType "tourn"]
[EventRounds "15"]
[EventCountry "ENG"]
[EventCategory "9"]
[Source "ChessBase"]
[SourceDate "1998.11.10"]
[WhiteTeamCountry "BEL"]
[BlackTeamCountry "HUN"]

1. e4 d6 2. d4 Nf6 3. Nc3 g6 4. Be2 Bg7 5. Nf3 O-O 6. O-O Nc6 7. d5 Nb4 8. Be3
e6 9. a3 Na6 10. dxe6 Bxe6 11. Qd2 Re8 12. Nd4 Bd7 1/2-1/2

[Event "Las Palmas"]
[Site "Las Palmas"]
[Date "1977.??.??"]
[Round "4"]
[White "Hernandez Onna, Roman"]
[Black "Adorjan, Andras"]
[Result "1/2-1/2"]
[WhiteElo "2435"]
[BlackElo "2530"]
[PlyCount "41"]
[EventDate "1977.05.07"]
[EventType "tourn"]
[EventRounds "15"]
[EventCountry "ESP"]
[EventCategory "9"]
[Source "ChessBase"]
[SourceDate "1997.11.17"]
[WhiteTeamCountry "CSR"]
[BlackTeamCountry "HUN"]

1. c4 g6 2. Nc3 c5 3. d4 cxd4 4. Qxd4 Nf6 5. e4 Bg7 6. Qd2 O-O 7. Nf3 d6 8. Be2
b6 9. Nd4 Bb7 10. f3 Nc6 11. Nxc6 Bxc6 12. b3 e6 13. Ba3 Nh5 14. g3 Qf6 15. Bb2
Rad8 16. O-O-O Qe7 17. Rhe1 a6 18. g4 Nf6 19. g5 Nd7 20. f4 Nc5 21. Bf1 1/2-1/2

[Event "Las Palmas"]
[Site "Las Palmas"]
[Date "1977.??.??"]
[Round "6"]
[White "Debarnot, Roberto Luis"]
[Black "Adorjan, Andras"]
[Result "1/2-1/2"]
[WhiteElo "2405"]
[BlackElo "2530"]
[PlyCount "41"]
[EventDate "1977.05.07"]
[EventType "tourn"]
[EventRounds "15"]
[EventCountry "ESP"]
[EventCategory "9"]
[Source "ChessBase"]
[SourceDate "1997.11.17"]
[WhiteTeamCountry "CSR"]
[BlackTeamCountry "HUN"]

1. d4 g6 2. c4 Bg7 3. Nf3 c5 4. e4 Qa5+ 5. Bd2 Qb6 6. Bc3 cxd4 7. Bxd4 Bxd4 8.
Qxd4 Qxd4 9. Nxd4 Nc6 10. Nb5 Rb8 11. N1c3 Nf6 12. Nc7+ Kf8 13. N7d5 Kg7 14. c5
b6 15. cxb6 axb6 16. Rc1 Bb7 17. f3 Nxd5 18. Nxd5 f5 19. exf5 Nd4 20. f6+ exf6
21. Nb4 1/2-1/2

[Event "Las Palmas"]
[Site "Las Palmas"]
[Date "1977.??.??"]
[Round "14"]
[White "Adorjan, Andras"]
[Black "Bellon Lopez, Juan Manuel"]
[Result "1/2-1/2"]
[WhiteElo "2530"]
[BlackElo "2415"]
[PlyCount "25"]
[EventDate "1977.05.07"]
[EventType "tourn"]
[EventRounds "15"]
[EventCountry "ESP"]
[EventCategory "9"]
[Source "ChessBase"]
[SourceDate "1997.11.17"]
[WhiteTeamCountry "CSR"]
[BlackTeamCountry "HUN"]

1. e4 c6 2. d4 d5 3. exd5 cxd5 4. Bd3 g6 5. c3 Bg7 6. Nf3 Nh6 7. h4 Qd6 8. Na3
a6 9. h5 Bg4 10. Qa4+ Bd7 11. Qb3 b5 12. Nc2 Nc6 13. Ne3 1/2-1/2

[Event "IBM"]
[Site "Amsterdam"]
[Date "1977.??.??"]
[Round "1"]
[White "Adorjan, Andras"]
[Black "Bohm, Hans"]
[Result "1-0"]
[WhiteElo "2530"]
[BlackElo "2445"]
[PlyCount "68"]
[EventDate "1977.06.??"]
[EventType "tourn"]
[EventRounds "15"]
[EventCountry "NED"]
[EventCategory "11"]
[Source "ChessBase"]
[SourceDate "1999.07.01"]
[WhiteTeamCountry "CSR"]
[BlackTeamCountry "HUN"]

1. e4 d6 2. d4 Nf6 3. Nc3 g6 4. f4 Bg7 5. Nf3 O-O 6. Bd3 Na6 7. O-O c5 8. d5
Nc7 9. a4 a6 10. Qe1 Bd7 11. a5 Bb5 12. f5 gxf5 13. Qh4 e5 14. Bg5 f4 15. g3 c4
16. Be2 Nce8 17. gxf4 Qc7 18. Kh1 Kh8 19. Rg1 Ng8 20. f5 b6 21. Nxb5 axb5 22.
axb6 Qb7 23. Be3 Ngf6 24. Rxa8 Qxa8 25. Rxg7 Nxg7 26. Qxf6 Qd8 27. Qxd8 Rxd8
28. b3 Ne8 29. bxc4 Nf6 30. Bg5 Kg7 31. Nxe5 Re8 32. Bxf6+ Kxf6 33. Nd7+ Ke7
34. c5 dxc5 1-0

[Event "IBM"]
[Site "Amsterdam"]
[Date "1977.??.??"]
[Round "2"]
[White "Timman, Jan H"]
[Black "Adorjan, Andras"]
[Result "1/2-1/2"]
[WhiteElo "2590"]
[BlackElo "2530"]
[PlyCount "111"]
[EventDate "1977.06.??"]
[EventType "tourn"]
[EventRounds "15"]
[EventCountry "NED"]
[EventCategory "11"]
[Source "ChessBase"]
[SourceDate "1999.07.01"]
[WhiteTeamCountry "CSR"]
[BlackTeamCountry "HUN"]

1. e4 d6 2. d4 Nf6 3. Nc3 g6 4. Nf3 Bg7 5. Be2 O-O 6. O-O Nc6 7. d5 Nb4 8. Bg5
h6 9. Be3 e6 10. a3 Na6 11. dxe6 Bxe6 12. b4 Kh7 13. Rb1 Nb8 14. Nd4 Bd7 15. f4
Nc6 16. Bf3 Re8 17. h3 Nxe4 18. Bxe4 d5 19. b5 Na5 20. Nxd5 Rxe4 21. Qd3 f5 22.
Rfd1 Be8 23. Nc3 Re7 24. Bf2 Rd7 25. Na4 b6 26. Nb2 Bf7 27. c3 Qf8 28. Qc2 Bd5
29. Nd3 Nc4 30. Ra1 Nxa3 31. Qc1 Nc4 32. Nb4 Bg8 33. Nbc6 Nd6 34. Nf3 Bf6 35.
Nfe5 Rg7 36. c4 Be6 37. Bd4 g5 38. Rf1 Ne4 39. Qc2 Qd6 40. fxg5 Rxg5 41. Rad1
Rag8 42. g4 Bxe5 43. Bxe5 Qc5+ 44. Kh1 h5 45. Rd4 hxg4 46. hxg4 R8g6 47. Rf4
Qf8 48. Rd8 Qh6+ 49. Qh2 Qxh2+ 50. Kxh2 Nf6 51. Bxf6 Rxf6 52. Nd4 Rxg4 53. Rxg4
fxg4 54. Nxe6 Rxe6 55. Rd7+ Kg6 56. Rxc7 1/2-1/2